|
|
|
|
| LEADER |
00000nas a2200000 a 4500 |
| 001 |
ssj0000399201 |
| 003 |
WaSeSS |
| 005 |
20200512172242.0 |
| 006 |
m d |
| 007 |
cr n |
| 008 |
921209c19809999fr hr ss i0 0eng c |
| 010 |
|
|
|a 95649694
|z sn 95043440
|
| 022 |
|
|
|l 1015-4639
|y 1015-4639
|
| 035 |
|
|
|a (WaSeSS)ssj0000399201
|
| 040 |
|
|
|a NYP
|b eng
|c NYP
|d WAU
|d DLC
|d GUA
|d WAU
|d SYS
|d MYG
|d UMC
|d MYG
|d OCLCQ
|d OCLCA
|d OCLCQ
|d OCLCA
|d OCLCF
|d NLC
|d OCLCQ
|d WaSeSS
|
| 041 |
0 |
|
|a eng
|a fre
|
| 042 |
|
|
|a pcc
|
| 050 |
0 |
0 |
|a HG3810
|b .P87
|
| 082 |
0 |
0 |
|a 339.3
|2 20
|
| 245 |
0 |
0 |
|a Purchasing power parities and real expenditures
|h [electronic resource] /
|c OECD, Department of Economics and Statistics = Parités de pouvoir d'achat et dépenses réelles / Départment des affaires économiques et statistiques, OCDE.
|
| 246 |
3 |
1 |
|a Parités de pouvoir d'achat et depenses réelles
|
| 246 |
1 |
7 |
|a PPPs and real expenditures
|
| 246 |
1 |
7 |
|a PPA et dépenses réelles
|
| 260 |
|
|
|a Paris :
|b OECD
|
| 310 |
|
|
|a Triennial,
|b 1990-<1996>
|
| 321 |
|
|
|a Every five years,
|b -1985
|
| 362 |
1 |
|
|a Began in 1980?
|
| 490 |
1 |
|
|a <1996->: OECD statistics
|
| 500 |
|
|
|a Running title: PPPs and real expenditures = PPA et dépenses réelles, <1996->
|
| 506 |
|
|
|a License restrictions may limit access.
|
| 515 |
|
|
|a Vols. for 1990-<1993> issued in 2 parts: v. 1, EKS results = Résultats EKS; v. 2, GK results = Résultats GK.
|
| 515 |
|
|
|a Issues for <1996 results-> also called: <1999 ed.->; issues for <2005 benchmark year-> also called: <2007 ed.->
|
| 546 |
|
|
|a English and French.
|
| 550 |
|
|
|a Vols. for 1990- issued by: OECD, Statistics Directorate.
|
| 580 |
|
|
|a Data also available on computer diskette under same title.
|
| 580 |
|
|
|a Updated annually between editions in: National accounts. Volume 1, Main aggregates.
|
| 588 |
|
|
|a Description based on: 1985.
|
| 588 |
|
|
|a Latest issue consulted: 2005 benchmark year.
|
| 650 |
|
0 |
|a Purchasing power parity
|v Statistics
|v Periodicals.
|
| 650 |
|
0 |
|a Gross national product
|v Statistics
|v Periodicals.
|
| 650 |
|
7 |
|a Gross national product.
|2 fast
|0 (OCoLC)fst00948095
|
| 650 |
|
7 |
|a Purchasing power parity.
|2 fast
|0 (OCoLC)fst01084299
|
| 655 |
|
0 |
|a Electronic journals.
|
| 710 |
2 |
|
|a Organisation for Economic Co-operation and Development.
|b Department of Economics and Statistics.
|
| 710 |
2 |
|
|a Organisation for Economic Co-operation and Development.
|b Statistics Directorate.
|
| 776 |
1 |
|
|t Purchasing power parities and real expenditures (Diskette)
|w (DLC)sn 95043441
|w (OCoLC)32426127
|
| 787 |
1 |
|
|t National accounts. Volume 1, Main aggregates
|w (DLC) 84646308
|w (OCoLC)11049119
|
| 830 |
|
0 |
|a OECD statistics.
|
| 850 |
|
|
|a DLC
|a GU
|a WaU
|
| 853 |
3 |
3 |
|8 1
|a (year)
|b v.
|u 2
|v r
|w h
|
| 856 |
4 |
0 |
|z Full text available from Research Library: 01/01/2007 to 01/31/2007
|u https://search.proquest.com/publication/2026453
|
| 863 |
4 |
0 |
|8 1
|a <1993>
|x provisional
|